Statistics for NBA Team Stadiums

Click here to take the quiz!

General Stats

  • This quiz has been taken 7 times
  • The average score is 17 of 30

Answer Stats

HintAnswer% Correct
KnicksMadison Square Garden
86%
CelticsTD Garden
86%
WizardsCapital One Arena
71%
ClippersCrypto.com Arena
71%
LakersCrypto.com Arena
71%
BucksFizerv Forum
71%
RaptorsScotiabank Arena
71%
PelicansSmoothie King Center
71%
TimberwolvesTarget Center
71%
BullsUnited Center
71%
NuggetsBall Arena
57%
NetsBarclays Center
57%
WarriorsChase Center
57%
GrizzliesFedEx Forum
57%
HeatKaseya Center
57%
HornetsSpectrum Center
57%
HawksState Farm Arena
57%
76ersWells Fargo Center
57%
MavsAmerican Airlines Center
43%
MagicAmway Center
43%
SpursAT&T Center
43%
PacersGainbridge Fieldhouse
43%
KingsGolden 1 Center
43%
PistonsLittle Caesars Arena
43%
BlazersModa Center
43%
RocketsToyota Center
43%
JazzVivint Arena
43%
SunsFootprint Center
29%
ThunderPaycom Center
29%
CavsRocket Mortgage FieldHouse
29%

Score Distribution

Percentile by Number Answered

Percent of People with Each Score

Your Score History

You have not taken this quiz